[Event "SC Klein-Berlin Rheine 2 - SK Münster 5"]
[Site "Verbandsklasse 2016/2017"]
[Date "2017.01.21"]
[Round "5.7"]
[White "Altgelt, Max"]
[Black "Pohlmeier, Ulrich"]
[Result "1/2-1/2"]
[WhiteElo "1703"]
[BlackElo "1588"]
[PlyCount "100"]
[EventDate "2017.??.??"]
[SourceDate "2016.10.13"]

1. e4 d6 2. d4 g6 3. Nf3 Bg7 4. c4 Nf6 5. Nc3 O-O 6. Be2 Bg4 7. O-O c6 8. d5
Nbd7 9. h3 Bxf3 10. Bxf3 cxd5 11. cxd5 a6 12. Be3 b5 13. Rc1 Rc8 14. Be2 b4 15.
Na4 Nxe4 16. Bxa6 Rxc1 17. Qxc1 Qa5 18. Bd3 Qxd5 19. Qc4 Qxc4 20. Bxc4 Nec5 21.
Nxc5 Nxc5 22. Re1 e6 23. b3 Ra8 24. Re2 Ne4 25. Bd2 Nc3 26. Bxc3 bxc3 27. a4 d5
28. Bb5 d4 29. f3 Rd8 30. Bd3 Bh6 31. Rc2 f5 32. a5 Bf8 33. a6 Rd7 34. Bc4 Kf7
35. Bd3 Bc5 36. Kf1 Kf6 37. Re2 e5 38. Ke1 Ke6 39. Kd1 Kd6 40. Kc2 Re7 41. Re1
Kc6 42. Re2 Kb6 43. Re1 Re8 44. g4 fxg4 45. hxg4 Bd6 46. Rh1 Re7 47. Rb1 Rf7
48. Rf1 e4 49. Bxe4 Kxa6 50. Kd3 Be5 1/2-1/2

[Event "SC Klein-Berlin Rheine 2 - SK Münster 5"]
[Site "Verbandsklasse 2016/2017"]
[Date "2017.01.21"]
[Round "5.8"]
[White "Engfer, Klaus"]
[Black "Redemann, Rolf"]
[Result "1/2-1/2"]
[WhiteElo "1554"]
[BlackElo "1488"]
[PlyCount "84"]
[EventDate "2017.??.??"]
[SourceDate "2016.10.13"]

1. e4 e5 2. Bc4 Nf6 3. d3 c6 4. Nf3 d6 5. h3 Be7 6. O-O O-O 7. a4 h6 8. Nc3 Be6
9. Bxe6 fxe6 10. Re1 Nbd7 11. Be3 a6 12. d4 Qc7 13. d5 exd5 14. exd5 c5 15. Qd3
Kh8 16. Nh4 Rf7 17. Qg6 Raf8 18. Nf5 Ng8 19. Nxe7 Rxe7 20. Rad1 Ndf6 21. Ne2
Ref7 22. c4 Ne7 23. Qc2 Qd7 24. Ng3 Nfg8 25. b3 Nf5 26. Nxf5 Qxf5 27. Qxf5 Rxf5
28. f3 Ne7 29. Bf2 Ng6 30. Bg3 Rg5 31. Kh2 Nf4 32. Bxf4 Rxf4 33. Re4 Rgf5 34.
Rde1 Kg8 35. g4 Rf7 36. Rxf4 Rxf4 37. Kg3 g5 38. Re4 Rf6 39. Re3 Kf7 40. h4 Rf4
41. hxg5 hxg5 42. Rd3 Kg6 1/2-1/2

[Event "SK Metelen 1 - SG Turm Raesfeld/Erle 2"]
[Site "Verbandsklasse 2016/2017"]
[Date "2017.01.21"]
[Round "5.1"]
[White "Bölker, Franz"]
[Black "Schudro, Vasily"]
[Result "1-0"]
[WhiteElo "1798"]
[BlackElo "2075"]
[PlyCount "93"]
[EventDate "2017.??.??"]
[SourceDate "2016.10.13"]

1. d4 Nf6 2. c4 g6 3. Nc3 Bg7 4. e4 d6 5. f3 O-O 6. Be3 c6 7. Bd3 Qc7 8. Nge2
a5 9. Rc1 b6 10. O-O Bd7 11. Qd2 Rc8 12. Bh6 Qd8 13. Bxg7 Kxg7 14. e5 Ng8 15.
g4 Na6 16. Qe3 Nc7 17. h3 c5 18. f4 cxd4 19. Nxd4 dxe5 20. fxe5 Ne6 21. Nd5
Nxd4 22. Qxd4 Be6 23. Be4 Rc5 24. Rcd1 Rac8 25. b3 b5 26. Qe3 bxc4 27. bxc4 a4
28. Nf4 Qc7 29. Bd5 Bxd5 30. cxd5 Qa5 31. Qf3 Nh6 32. e6 f6 33. d6 exd6 34.
Nh5+ Rxh5 35. Qxf6+ Kg8 36. gxh5 Qa7+ 37. Qf2 Qxf2+ 38. Rxf2 Nf5 39. Rf4 Kg7
40. hxg6 hxg6 41. Rxa4 Rc3 42. e7 Re3 43. Ra7 Kf7 44. e8=Q+ Kxe8 45. Rb1 Ne7
46. Kf2 Re5 47. Re1 1-0

[Event "SK Metelen 1 - SG Turm Raesfeld/Erle 2"]
[Site "Verbandsklasse 2016/2017"]
[Date "2017.01.21"]
[Round "5.2"]
[White "Bernink, Henk"]
[Black "Fasselt, Hendrik"]
[Result "1-0"]
[WhiteElo "2124"]
[BlackElo "1822"]
[PlyCount "75"]
[EventDate "2017.??.??"]
[SourceDate "2016.10.13"]

1. d4 d5 2. c4 e6 3. Nc3 Nf6 4. Bg5 Be7 5. e3 h6 6. Bh4 O-O 7. Nf3 c6 8. Qc2
Nbd7 9. Be2 Re8 10. O-O Nf8 11. Ne5 N6d7 12. Bxe7 Qxe7 13. f4 dxc4 14. Bxc4 c5
15. Rad1 a6 16. a4 Nxe5 17. fxe5 Bd7 18. Rf4 Ng6 19. Rg4 Rac8 20. Bd3 cxd4 21.
exd4 h5 22. Rg3 Nf4 23. Be4 Bc6 24. Qd2 Qh4 25. Rf1 Ng6 26. Bxg6 fxg6 27. Rf4
Qe7 28. Rxg6 Rf8 29. Rff6 Rf7 30. Rxe6 Qh4 31. Ref6 Rd8 32. g3 Qxd4+ 33. Qxd4
Rxd4 34. Rd6 Rb4 35. Rd2 Kh7 36. Rgd6 Re7 37. e6 Bxa4 38. Nd5 1-0

[Event "SK Metelen 1 - SG Turm Raesfeld/Erle 2"]
[Site "Verbandsklasse 2016/2017"]
[Date "2017.01.21"]
[Round "5.3"]
[White "Brömmel, Chris"]
[Black "Koch, Alexander"]
[Result "0-1"]
[WhiteElo "1770"]
[BlackElo "2031"]
[PlyCount "110"]
[EventDate "2017.??.??"]
[SourceDate "2016.10.13"]

1. e4 c5 2. Nf3 d6 3. c3 Nf6 4. Qc2 Nc6 5. Bb5 Bd7 6. O-O e5 7. d3 Be7 8. Be3
a6 9. Bxc6 Bxc6 10. Re1 O-O 11. Nbd2 Rc8 12. Nf1 Ng4 13. h3 Nxe3 14. Nxe3 Bg5
15. Nf5 Bf6 16. Rad1 g6 17. Ng3 Qb6 18. Nd2 Bg7 19. c4 Qd8 20. b3 f5 21. Nf3
Bh6 22. Qe2 Rc7 23. a3 Rg7 24. b4 b6 25. bxc5 bxc5 26. Rb1 Qa5 27. Qa2 Bf4 28.
Ne2 fxe4 29. Nxf4 Rxf4 30. dxe4 Rgf7 31. Re2 Rxe4 32. Rb8+ Kg7 33. Ng5 Rxe2 34.
Qxe2 Rf6 35. Rc8 Bd7 36. Rb8 Bc6 37. Rc8 Qb6 38. Qg4 h5 39. Ne6+ Kf7 40. Rf8+
Ke7 41. Qg5 Qb1+ 42. Kh2 Qf5 43. Qxf6+ Qxf6 44. Rxf6 Kxf6 45. Nc7 a5 46. Kg3 g5
47. f3 e4 48. fxe4 Bxe4 49. Ne8+ Ke5 50. Kf2 Bg6 51. Nc7 Bf7 52. Ke3 Bxc4 53.
Ne8 d5 54. g3 d4+ 55. Kd2 h4 0-1

[Event "SK Metelen 1 - SG Turm Raesfeld/Erle 2"]
[Site "Verbandsklasse 2016/2017"]
[Date "2017.01.21"]
[Round "5.4"]
[White "Grotenhuis, Gerard"]
[Black "Tünte, Marcel"]
[Result "1/2-1/2"]
[WhiteElo "1871"]
[BlackElo "1852"]
[PlyCount "94"]
[EventDate "2017.??.??"]
[SourceDate "2016.10.13"]

1. b3 e5 2. Bb2 Nc6 3. e3 d6 4. Bb5 Bd7 5. Nf3 Nf6 6. d4 e4 7. d5 exf3 8. dxc6
bxc6 9. Ba6 fxg2 10. Rg1 g6 11. Qf3 Bg7 12. Bb7 Rb8 13. Bxc6 O-O 14. Bxd7 Nxd7
15. Bxg7 Kxg7 16. Nd2 Ne5 17. Qf4 Rb6 18. h4 Qf6 19. Qxf6+ Kxf6 20. Rxg2 d5 21.
O-O-O c6 22. f4 Nd7 23. e4 Nc5 24. e5+ Ke7 25. h5 Rb4 26. Rf1 Ke6 27. a3 Rb7
28. Nf3 Ne4 29. Nd4+ Kd7 30. f5 gxf5 31. Rg7 c5 32. Nxf5 Ke6 33. Rxh7 Kxe5 34.
Nh4 Rd7 35. Rf5+ Ke6 36. Rh6+ f6 37. Rf1 Rg8 38. Ng6 Rc7 39. Nf4+ Ke5 40. Nd3+
Ke6 41. b4 cxb4 42. axb4 Rgc8 43. Nc5+ Nxc5 44. Rhxf6+ Ke5 45. bxc5 Rxc5 46.
R6f2 d4 47. Rf6 Ke4 1/2-1/2

[Event "SK Metelen 1 - SG Turm Raesfeld/Erle 2"]
[Site "Verbandsklasse 2016/2017"]
[Date "2017.01.21"]
[Round "5.5"]
[White "Kadenbach, Wolfgang"]
[Black "Wigger, Frank"]
[Result "1/2-1/2"]
[WhiteElo "1746"]
[BlackElo "1800"]
[PlyCount "53"]
[EventDate "2017.??.??"]
[SourceDate "2016.10.13"]

1. d4 Nf6 2. c4 c5 3. d5 b5 4. Qc2 e6 5. e4 bxc4 6. Bxc4 Bb7 7. Nc3 exd5 8.
exd5 Be7 9. Nf3 O-O 10. O-O d6 11. Bf4 Nbd7 12. Rad1 a6 13. h3 Re8 14. Rfe1 Nf8
15. Bh2 Ng6 16. Qd3 Bf8 17. a3 Qb6 18. Ng5 h6 19. Nf3 Rxe1+ 20. Rxe1 Re8 21.
Rxe8 Nxe8 22. Qe2 Nf6 23. Nd1 Nxd5 24. Qd3 Qc6 25. Nc3 Ndf4 26. Bxf4 Nxf4 27.
Qf5 1/2-1/2

[Event "SK Metelen 1 - SG Turm Raesfeld/Erle 2"]
[Site "Verbandsklasse 2016/2017"]
[Date "2017.01.21"]
[Round "5.6"]
[White "Bückers, Bernhard"]
[Black "Droste, Laurenz"]
[Result "0-1"]
[WhiteElo "1705"]
[BlackElo "1648"]
[PlyCount "52"]
[EventDate "2017.??.??"]
[SourceDate "2016.10.13"]

1. c4 e6 2. Nf3 b6 3. d4 Bb7 4. e3 Bb4+ 5. Nc3 Ne7 6. a3 Bxc3+ 7. bxc3 O-O 8.
Bd3 f5 9. O-O Ng6 10. Re1 Nh4 11. Be2 d6 12. Nxh4 Qxh4 13. Bf3 Be4 14. Rf1 Rf6
15. Bxe4 fxe4 16. g3 Qh3 17. f3 exf3 18. Rxf3 Qg4 19. Rf1 Rxf1+ 20. Qxf1 Nc6
21. Bd2 Rf8 22. Qd3 Na5 23. Rf1 Nb3 24. Be1 Rxf1+ 25. Kxf1 Qf3+ 26. Kg1 Nc1 0-1

[Event "SK Metelen 1 - SG Turm Raesfeld/Erle 2"]
[Site "Verbandsklasse 2016/2017"]
[Date "2017.01.21"]
[Round "5.7"]
[White "Schönstädt, Hans-Werner"]
[Black "Gravenkötter, Christian"]
[Result "0-1"]
[WhiteElo "1536"]
[BlackElo "1689"]
[PlyCount "80"]
[EventDate "2017.??.??"]
[SourceDate "2016.10.13"]

1. e4 e5 2. Nf3 Nc6 3. Bc4 Bc5 4. c3 Nf6 5. d4 exd4 6. cxd4 Bb4+ 7. Nc3 Bxc3+
8. bxc3 d5 9. exd5 Nxd5 10. O-O O-O 11. Bd2 Bg4 12. Bd3 h6 13. h3 Bh5 14. g4
Bg6 15. Bxg6 fxg6 16. Qb1 Rxf3 17. Qxb7 Nce7 18. c4 Rd3 19. Ba5 Nf4 20. Bxc7
Nxh3+ 21. Kh2 Qc8 22. Qxc8+ Rxc8 23. Bg3 Ng5 24. Bd6 Nc6 25. d5 Nf3+ 26. Kg2
Nce5 27. Bxe5 Nxe5 28. Rfe1 Nxc4 29. Re7 Rxd5 30. Rb1 Kh7 31. Rbb7 Rg8 32. Rxa7
Ra5 33. Rac7 Nd6 34. Re6 Ne8 35. Rcc6 Rxa2 36. Rxg6 Nf6 37. g5 Kxg6 38. gxf6
gxf6 39. Kf3 Rb8 40. Kg3 Rb3+ 0-1

[Event "SK Metelen 1 - SG Turm Raesfeld/Erle 2"]
[Site "Verbandsklasse 2016/2017"]
[Date "2017.01.21"]
[Round "5.8"]
[White "Denkler, Jürgen"]
[Black "Aschenbrenner, Günter"]
[Result "1/2-1/2"]
[WhiteElo "1682"]
[BlackElo "1441"]
[PlyCount "88"]
[EventDate "2017.??.??"]
[SourceDate "2016.10.13"]

1. d4 g6 2. c4 Bg7 3. e4 d6 4. Nc3 Nc6 5. Be3 e5 6. d5 Nce7 7. Bd3 f5 8. f3 f4
9. Bf2 Nf6 10. Nge2 c6 11. Qb3 O-O 12. O-O-O c5 13. g3 Nh5 14. g4 Nf6 15. h4
Nd7 16. g5 h5 17. gxh6 Bxh6 18. Rdg1 Kh7 19. Rg2 Rg8 20. Ng1 Nf8 21. Nh3 Bxh3
22. Rxh3 b6 23. Rh1 Rg7 24. Ne2 Ng8 25. Ng1 Nf6 26. Nh3 Nh5 27. Kb1 Kg8 28. Qd1
Ng3 29. Bxg3 fxg3 30. Rxg3 Qxh4 31. Qg1 Qf6 32. Qg2 Be3 33. Nf2 Bxf2 34. Qxf2
Rh7 35. Rxh7 Kxh7 36. Bf1 Kg7 37. Bh3 Kf7 38. Qg2 Ke7 39. Bg4 a5 40. a3 Ra7 41.
Rh3 Kd8 42. Qh2 Qg7 43. Rh6 Rf7 44. Qh4+ Kc7 1/2-1/2